Les scènes dans un supermarché en 25 clics - Statistiques

Statistiques générales
  • Ce quiz a été pris 42 fois
  • Le résultat moyen est 11 sur 25
Statistiques - réponses
Hint Réponse % Correct
Ted
92%
Sausage Party
78%
Dexter
67%
Scream 6
61%
Drive
58%
The Big Lebowski
58%
La Course au jouet
56%
Vous avez un message
53%
The Mist
44%
Bad Santa
42%
Le Père de la Mariée
42%
The Wrestler
42%
Le Grand Bazar
39%
Spoof Movie
39%
Bad Lieutenant
36%
Shaun of the Dead
36%
The Good Place
33%
Hot Fuzz
31%
Mammuth
31%
Arizona Junior
28%
Démineurs (The Hurt Locker)
28%
Mélodie pour un meurtre (Sea of Love)
22%
Messiah of Evil
22%
Retour à la fac (Old School)
19%
Intruder
11%
Aucun quiz correspondant
Distribution des résultats
% des personnes avec chaque résultat
Percentile par nombre de réponses
Votre historique - résultats
Vous n’avez pas pris ce quiz